Оценка влияния энергетических характеристик асинхронного двигателя на энергосбережение насосного агрегата; Известия Томского политехнического университета [Известия ТПУ]; Т. 308, № 1

Xehetasun bibliografikoak
Parent link:Известия Томского политехнического университета [Известия ТПУ]/ Томский политехнический университет (ТПУ).— , 2000-
Т. 308, № 1.— 2005.— [С. 174-178]
Egile nagusia: Муравлева О. О. Ольга Олеговна
Beste egile batzuk: Вехтер Е. В. Евгения Викторовна, Жарикова Т. В. Татьяна Владимировна
Gaia:Заглавие с титульного листа
Электронная версия печатной публикации
Рассматривается методика расчета энергосбережения при применении частотно-регулируемого электропривода в насосных станциях и центральных тепловых пунктах коммунальной сферы. Оценивается влияние энергетических характеристик асинхронного двигателя на энергосбережение.
Hizkuntza:errusiera
Argitaratua: 2005
Saila:Технические науки
Gaiak:
Sarrera elektronikoa:http://www.lib.tpu.ru/fulltext/v/Bulletin_TPU/2005/v308/i1/38.pdf
Formatua: Baliabide elektronikoa Liburu kapitulua
KOHA link:https://koha.lib.tpu.ru/cgi-bin/koha/opac-detail.pl?biblionumber=170212

MARC

LEADER 00000nla2a2200000 4500
001 170212
005 20240207113742.0
035 |a (RuTPU)RU\TPU\book\184598 
035 |a RU\TPU\book\184589 
090 |a 170212 
100 |a 20091120d2005 k y0rusy50 ca 
101 0 |a rus 
102 |a RU 
135 |a drnn ---uucaa 
181 0 |a i  
182 0 |a b 
200 1 |a Оценка влияния энергетических характеристик асинхронного двигателя на энергосбережение насосного агрегата  |f О. О. Муравлева, Е. В. Вехтер , Т. В. Жарикова 
203 |a Текст  |c электронный 
215 |a 1 файл (304 Кб) 
225 1 |a Технические науки 
300 |a Заглавие с титульного листа 
300 |a Электронная версия печатной публикации 
320 |a [Библиогр.: с. 178 (7 назв.)] 
330 |a Рассматривается методика расчета энергосбережения при применении частотно-регулируемого электропривода в насосных станциях и центральных тепловых пунктах коммунальной сферы. Оценивается влияние энергетических характеристик асинхронного двигателя на энергосбережение. 
337 |a Adobe Reader 
461 1 |0 (RuTPU)RU\TPU\book\176237  |t Известия Томского политехнического университета [Известия ТПУ]  |f Томский политехнический университет (ТПУ)  |d 2000- 
463 1 |0 (RuTPU)RU\TPU\book\184425  |t Т. 308, № 1  |v [С. 174-178]  |d 2005  |p 251 с. 
610 1 |a оценки 
610 1 |a энергетические характеристики 
610 1 |a асинхронные двигатели 
610 1 |a энергосбережение 
610 1 |a насосные агрегаты 
610 1 |a методика 
610 1 |a расчеты 
610 1 |a применение 
610 1 |a электроприводы 
610 1 |a насосные станции 
610 1 |a тепловые пункты 
610 1 |a коммунальная сфера 
610 1 |a труды учёных ТПУ 
610 1 |a электронный ресурс 
700 1 |a Муравлева  |b О. О.  |c специалист в области электротехники  |c доцент Томского политехнического университета, кандидат технических наук  |f 1968-  |g Ольга Олеговна  |3 (RuTPU)RU\TPU\pers\26459  |9 12162 
701 1 |a Вехтер  |b Е. В.  |c специалист в области инженерной графики и начертательной геометрии  |c доцент Томского политехнического университета, кандидат педагогических наук  |f 1972-  |g Евгения Викторовна  |3 (RuTPU)RU\TPU\pers\26510  |9 12212 
701 1 |a Жарикова  |b Т. В.  |c специалист в области электротехники  |c доцент Томского политехнического университета, кандидат технических наук  |f 1976-  |g Татьяна Владимировна  |3 (RuTPU)RU\TPU\pers\46969  |9 22567 
801 1 |a RU  |b 63413507  |c 20090623  |g PSBO 
801 2 |a RU  |b 63413507  |c 20211004  |g PSBO 
856 4 |u http://www.lib.tpu.ru/fulltext/v/Bulletin_TPU/2005/v308/i1/38.pdf 
942 |c CF